İlhan abi (Record no. 2951)

MARC details
000 -BAŞLIK
Sabit Uzunlukta Kontrol Alanı 00725na a2200241 4500
001 - KONTROL NUMARASI
Denetim Alanı 23439
003 - KONTROL NUMARASI IDENTIFIER
Denetim Alanı MIRAKIL
005 - SON İŞLEM TARİHİ VE ZAMANI
Denetim Alanı 20181213154914.0
008 - SABİT-BOY VERİ ELEMANLARI - GENEL BİLGİLER
Sabit Uzunlukta Kontrol Alanı 170928b tu 000 0
020 ## - ULUSLARARASI STANDART KİTAP NUMARASI
Uluslararası Standart Kitap Numarası 9786051400211
040 ## - KATALOGLAMA KAYNAK
Orijinal Kataloglama Ajansı Milas
Kataloglama Dili tur
Metne Dönüştürmek Ajansı TR-AnCHP
041 ## - DİL KODU
Metin / Ses Parça Veya Ayrı Başlığın Dil Kodu tur
082 ## - DEWEY ONLU SINIFLANDIRMA NUMARASI
Sınıflandırma Numarası 920.5 Selçuk,İ.
Ürün Numarası İ44i 2012
090 ## - SINIFLAMA NUMARASI
Sınıflama Numarası 920.5 Selçuk,İ. İ44i 2012
100 ## - ANA GİRİŞ - KİŞİSEL İSİM
Kişisel Ad İlknur, Miyase
245 ## - BAŞLIK TABLOSU
Başlık İlhan abi
Sorumluluk Tablosu, Vb Miyase İlknur
260 ## - YAYIN, DAĞITIM, VB
Yayın, Dağıtım, Vb Yeri İstanbul
Yayıncı, Dağıtıcı, Vs Adı Cumhuriyet Kitapları
Yayın, Dağıtım, Vb Tarihi 2012
Üretici Firma Yazın basın yayın matbaacılık
300 ## - FİZİKSEL TANIM
Kapsam 675 s.
Diğer Fiziksel Ayrıntıları fotğ.
Boyutlar 23 sm.
504 ## - KAYNAKÇA VB NOT
Kaynakça Vb Notu Kaynakça ve dizin var.
600 ## - KONU KATMA GİRİŞ - KURUMSAL ADI
Kişisel Ad Selçuk, İlhan
Genel Alt Bölümü Yaşamöyküsü
650 ## - KONU KATMA GİRİŞ - TOPİKAL DÖNEM
Topikal Süreli Veya Coğrafi Ad Giriş Elemanı Gazeteciler
Genel Alt Bölümü Türkiye
Kronolojik Alt Bölümü Yaşamöyküsü
942 ## - EKLENDİ GİRİŞ ELEMANLARI (KOHA)
Sınıflandırma Veya Raf Düzeni Kaynak Dewey Decimal Classification
Koha Öğesi Türü Books
999 ## - SİSTEM KONTROL NUMARALARI (KOHA)
Koha Biblionumber 2951
Koha Biblioitemnumber 2951
Holdings
Kalıcı Konum Mevcut Konum Edinme Tarihi Edinim Kaynak Toplam Check-Out'Lar Tam Çağrı Numarası Barkod Tarih Son Görülme İtibaren Geçerli Fiyatlar Koha Öğesi Türü
CHP Kütüphanesi CHP Kütüphanesi 09/28/2017 Bağış   920.5 Selçuk,İ. İ44i 2012 017423 09/28/2017 09/28/2017 Books